| 000 | 00574nam a2200181Ia 4500 | ||
|---|---|---|---|
| 999 |
_c25782 _d25782 |
||
| 003 | OSt | ||
| 005 | 20210322161117.0 | ||
| 008 | 160316s1990 xxu||||| |||| 00| 0 eng d | ||
| 040 | _c. | ||
| 082 |
_a305.560000 _bRED - I & |
||
| 100 | _aReddy O Chinnappa | ||
| 245 | _aReport of the Karnataka third backward classes commission, Vol. 1 & 2(The justice - Journey of the Karnataka backward classes) | ||
| 260 |
_aBangalore _bGovt. of Karnataka _c1990 |
||
| 300 | _a208p | ||
| 700 |
_a _a |
||
| 856 | _uhttp://opac.nls.ac.in:8081/xmlui/handle/123456789/517 | ||
| 942 |
_2ddc _cBK |
||